Pre-treatment methods of lignocellulosic biomass for biofuel production (Record no. 33810)

MARC details
000 -LEADER
fixed length control field 00569nam a2200181Ia 4500
020 ## - INTERNATIONAL STANDARD BOOK NUMBER
ISBN 9787508400
050 ## - CALL MARK
Classification number TP 248.65 .L54 .R69/
100 ## - STATEMENT OF RESPONSIBILITY--MAIN AUTHOR NAME
Personal name Roy, Shyamal.
245 #0 - TITLE STATEMENT
Title Pre-treatment methods of lignocellulosic biomass for biofuel production
260 ## - PUBLICATION, DISTRIBUTION, ETC. (IMPRINT)
Place of publication New York
260 ## - PUBLICATION, DISTRIBUTION, ETC. (IMPRINT)
Name of publisher CRC Press
260 ## - PUBLICATION, DISTRIBUTION, ETC. (IMPRINT)
Year of publication 2024
300 ## - PHYSICAL DESCRIPTION
Number of Pages Xi, 87.: ill.
650 ## - SUBJECT ADDED ENTRY--TOPICAL TERM
Topical Term Lignocellulose--Biotechnology. Biomass conversion. Waste products as fuel. Biochemical engineering--Technique.
942 ## - ADDED ENTRY ELEMENTS (KOHA)
Koha item type Books
Holdings
Withdrawn status Lost status Source of classification or shelving scheme Damaged status Not for loan Permanent Location Current Location Shelving location Date acquired Accession Number Price effective from Koha item type
    Library of Congress Classification     NILE UNIVERSITY OF NIGERIA - MAIN LIBRARY NILE UNIVERSITY OF NIGERIA - MAIN LIBRARY Items on shelf 04/23/2025 0198308 04/23/2025 Books